El proyecto político militar

Zapisane w:
Opis bibliograficzny
Główni autorzy: Varas Fernández, Augusto (Autor), Agüero Piwonka, Felipe (Autor)
Format: Książka
Język:hiszpański
Wydane: Santiago Dibam 2011
Hasła przedmiotowe:
Etykiety: Dodaj etykietę
Nie ma etykietki, Dołącz pierwszą etykiete!

MARC

LEADER 00000cam a2200000 a 4500
001 UCF3758
003 CL-VaPUC
008 121031e20110000CL |||||||||||||||||spa|d
020 |a 9789562442527 
082 0 4 |a 322.5  |b VAR  |2 21 
100 0 |a Varas Fernández, Augusto  |e author  |9 565472 
700 0 |a Agüero Piwonka, Felipe  |e author  |9 565473 
245 1 3 |a El proyecto político militar 
300 |a 261 p 
942 |c BK 
945 |d 20121031 00:00:00  |a dcastane 
260 |a Santiago  |b Dibam  |c 2011 
650 7 |a RELACIONES CIVICO MILITARES  |2 CL-VaPUC  |9 315814 
650 0 |a Fuerzas Armadas  |9 255504 
650 0 |a Política y gobierno  |9 255151 
650 7 |a REGIMEN MILITAR  |2 CL-VaPUC  |9 356963 
650 0 |a Seguridad nacional  |9 317752 
583 |a last modification  |c 20190704 06:11:31  |k Rodrigo Vera 
999 |c 349898  |d 349896 
952 |0 0  |1 0  |4 0  |6 322_500000000000000_VAR_2011  |7 0  |8 X  |9 452780  |a FDOBUD  |b FDOBUD  |d 2019-11-22  |i 4919599  |o 322.5 VAR 2011  |p 4919599  |r 2019-11-22  |w 2019-11-22  |y BK_X  |k BUD